How to Transform Strategic Initiative into Blockbiuster Result (Record no. 4341)
[ view plain ]
| 005 - DATE AND TIME OF LATEST TRANSACTION | |
|---|---|
| control field | 20250619064318.0 |
| 020 ## - INTERNATIONAL STANDARD BOOK NUMBER | |
| International Standard Book Number | 0-07-146155-8 |
| 082 ## - DEWEY DECIMAL CLASSIFICATION NUMBER | |
| Classification number | 658.4 BRA |
| 100 ## - MAIN ENTRY--PERSONAL NAME | |
| Author name | BRACHE, A. P |
| 245 ## - TITLE STATEMENT | |
| Title | How to Transform Strategic Initiative into Blockbiuster Result |
| 260 ## - PUBLICATION, DISTRIBUTION, ETC. | |
| Place of publication, distribution, etc. | New York, |
| Name of publisher, distributor, etc. | Mc Graw Hill, |
| Date of publication, distribution, etc. | 2006. |
| 300 ## - PHYSICAL DESCRIPTION | |
| Extent | xi,191p.; ill.; figure, table |
| Other physical details | Index |
| Dimensions | 23cm |
| 700 ## - ADDED ENTRY--PERSONAL NAME | |
| Other authors/Editors | BODLEY-SCOTT, S. |
| 942 ## - ADDED ENTRY ELEMENTS (KOHA) | |
| Source of classification or shelving scheme | Dewey Decimal Classification |
| Koha item type | Books |
| Date last seen | Total checkouts | Full call number | Barcode | Cost, replacement price | Price effective from | Koha item type | Lost status | Source of classification or shelving scheme | Damaged status | Not for loan | Withdrawn status | Home library | Current library | Shelving location | Date acquired | Cost, normal purchase price |
|---|---|---|---|---|---|---|---|---|---|---|---|---|---|---|---|---|
| 06/19/2025 | 658.4 BRA | DOM0003751 | 105000.00 | 06/19/2025 | Books | Dewey Decimal Classification | CBE Dodoma | CBE Dodoma | Special Reserve Collection | 04/26/2010 | 35000.00 | |||||
| 06/19/2025 | 658.4 BRA | DOM0003752 | 105000.00 | 06/19/2025 | Books | Dewey Decimal Classification | CBE Dodoma | CBE Dodoma | Special Reserve Collection | 04/26/2010 | 35000.00 | |||||
| 06/19/2025 | 658.4 BRA | DOM0003753 | 105000.00 | 06/19/2025 | Books | Dewey Decimal Classification | CBE Dodoma | CBE Dodoma | Special Reserve Collection | 04/26/2010 | 35000.00 |
